| 000 | 01279nam a2200385 a 4500 | ||
|---|---|---|---|
| 001 | 25456 | ||
| 003 | CO-ViMGA | ||
| 005 | 20230915232059.0 | ||
| 006 | Mimo0002212365 | ||
| 008 | 141112s2004 ck r 000 u spa d | ||
| 015 | _aMON0707 - 45978 | ||
| 016 | _abimoBNE20070460774 SpMaBN | ||
| 017 | _aB 23422 - 2006 Oficina Depósito Legal Barcelona | ||
| 020 | _a8431534702 | ||
| 035 | _a(OCoLC)434196192 | ||
| 040 |
_aCO-ViMGA _bspa _cCO-ViMGA |
||
| 041 | _aspa ita | ||
| 080 | _a796.1 | ||
| 082 | 0 | 4 | _a796.1 S74j |
| 100 | 1 |
_aSpini, Gianluigi _938840 |
|
| 245 | 1 | 0 |
_a213 juegos para todas las ocasiones / _cGianluigi Spini, Biagio Vinella ; [traducción de Montse Florenciano] |
| 246 | _aDoscientos trece juegos para todas las ocasiones | ||
| 260 | _aBarcelona De Vecchi [2006] | ||
| 300 | _a255 p. il. col. 24 cm | ||
| 650 | 1 | 4 |
_aDiversiones _918446 |
| 650 | 1 | 4 |
_aJuegos infantiles _910241 |
| 650 | 1 | 4 |
_aJuegos y pasatiempos _938841 |
| 650 | 1 | 4 |
_aRecreación. _918448 |
| 700 | 1 |
_aVinella, Biagio _938842 |
|
| 926 | _aBNALCALA SG_PETANTI 12/437673 FONDO_MODE 1 | ||
| 927 | _aBNALCALA | ||
| 942 |
_2ddc _cBK |
||
| 956 | _a2 | ||
| 980 | _a017. B 23422 - 2006 020. 84 - 315 - 3470 - 2 852. 40 M - BN BNALCALA MO05186866 AHMo/276436 AH SG_PETANTI | ||
| 999 |
_c33043 _d33043 |
||